[Event "Forchheim op 10th"]
[Site "Forchheim"]
[Date "2011.10.07"]
[Round "1"]
[White "Keller, Werner"]
[Black "Jueschke, Arno"]
[Result "1-0"]
[WhiteElo "1925"]
[BlackElo "1378"]
[PlyCount "105"]
[EventDate "2011.10.07"]
[EventType "swiss"]
[EventRounds "5"]
[EventCountry "GER"]
[SourceTitle "CBM 144 Extra"]
[Source "ChessBase"]
[SourceDate "2011.10.28"]
[SourceVersion "1"]
[SourceVersionDate "2011.10.28"]
[SourceQuality "1"]

1. Nf3 c5 2. c4 Nc6 3. Nc3 e6 4. e4 d6 5. d3 Nf6 6. g3 Be7 7. Bg2 0-0 8. 0-0 Re8 9. a3 Rb8 10. Rb1 a5 11. Bd2 Na7 12. b4 axb4 13. axb4 cxb4 14. Ne2 Nc6 15. Qc2 Qc7 16. d4 b6 17. Rfc1 Bb7 18. d5 Ne5 19. Bxb4 Ba6 20. Ned4 Qxc4 21. Nxe5 Qxc2 22. Nxc2 dxe5 23. Bxe7 Rxe7 24. Nb4 Bb5 25. Nc6 Bxc6 26. Rxc6 exd5 27. exd5 Rd7 28. Rcxb6 Rxb6 29. Rxb6 g6 30. Rxf6 Kg7 31. Ra6 Kf8 32. d6 Kg7 33. Kf1 f5 34. Bd5 Kf6 35. f4 h6 36. Kf2 g5 37. Kf3 gxf4 38. gxf4 h5 39. Ke3 h4 40. Kf3 h3 41. Bc4 e4+ 42. Kg3 Rb7 43. Kxh3 Rb4 44. Rc6 e3 45. Kg3 Rb2 46. Rc7 e2 47. Rf7+ Kg6 48. Re7 Rd2 49. Rxe2 Rxd6 50. Re6+ Rxe6 51. Bxe6 Kf6 52. Bc8 Kg6 53. Kh4 1-0